[Event "CHI-ch (Women)"]
[Site "Santiago de Chile"]
[Date "2020.02.19"]
[Round "8"]
[White "Hormazabal Figueroa, Constanza Valentina"]
[Black "Zuniga Lara, Catalina Paz"]
[Result "1/2-1/2"]
[WhiteElo "1786"]
[BlackElo "1714"]
[PlyCount "50"]
[EventDate "2020.02.11"]
[EventType "tourn"]
[EventRounds "9"]
[EventCountry "CHI"]
[SourceTitle "CBM 195 Extra"]
[Source "ChessBase"]
[SourceDate "2020.05.31"]
[SourceVersion "1"]
[SourceVersionDate "2020.05.31"]
[SourceQuality "1"]

1. e4 g6 2. d4 Bg7 3. Nf3 d6 4. Nc3 Nd7 5. Bc4 Nb6 6. Bb3 Nf6 7. a4 a5 8. 0-0 0-0 9. Qe2 Nbd7 10. Rd1 Ne8 11. e5 h6 12. e6 fxe6 13. Qxe6+ Kh7 14. Qe2 Ndf6 15. Re1 Ng8 16. Nd5 Nef6 17. Nh4 Nxd5 18. Qd3 Bf5 19. Nxf5 Rxf5 20. g4 Nb4 21. Qe4 d5 22. Qg2 Rf8 23. Re2 Qd6 24. c3 Nd3 25. Bxd5 Nxc1 1/2-1/2

[Event "Talca Bobby Fischer"]
[Site "Talca"]
[Date "2019.05.27"]
[Round "7.1"]
[White "Romero Gonzalez, Juan Ignacio"]
[Black "Zuniga Lara, Catalina Paz"]
[Result "0-1"]
[WhiteElo "1676"]
[BlackElo "1624"]
[PlyCount "44"]
[EventDate "2019.04.15"]
[EventType "tourn"]
[EventRounds "9"]
[EventCountry "CHI"]
[SourceTitle "EXT 2024"]
[Source "ChessBase"]
[SourceDate "2023.10.10"]
[SourceVersion "1"]
[SourceVersionDate "2023.10.10"]
[SourceQuality "1"]

1. e4 g6 2. d4 Bg7 3. Nf3 d6 4. Be3 Nf6 5. Nc3 0-0 6. h3 Nbd7 7. Bc4 e5 8. dxe5 Nxe5 9. Nxe5 dxe5 10. Qe2 Qe7 11. 0-0 c6 12. a4 Nh5 13. Qf3 Be6 14. Bxe6 fxe6 15. Qg4 Nf4 16. Bxf4 exf4 17. Qf3 Qc5 18. Ra3 Rad8 19. Rd1 Rxd1+ 20. Qxd1 Bd4 21. Qf3 e5 22. Rb3 b6 0-1

[Event "Talca Bobby Fischer"]
[Site "Talca"]
[Date "2019.04.15"]
[Round "1.1"]
[White "Gonzalez Hernandez, Rodrigo Alons"]
[Black "Zuniga Lara, Catalina Paz"]
[Result "0-1"]
[WhiteElo "1252"]
[BlackElo "1624"]
[PlyCount "124"]
[EventDate "2019.04.15"]
[EventType "tourn"]
[EventRounds "9"]
[EventCountry "CHI"]
[SourceTitle "EXT 2024"]
[Source "ChessBase"]
[SourceDate "2023.10.10"]
[SourceVersion "1"]
[SourceVersionDate "2023.10.10"]
[SourceQuality "1"]

1. d4 Nf6 2. c4 c5 3. d5 b5 4. cxb5 a6 5. Nc3 Qb6 6. e3 g6 7. Bc4 Bg7 8. Qb3 0-0 9. Nf3 d6 10. 0-0 axb5 11. Qxb5 Nbd7 12. Qxb6 Nxb6 13. Bb5 Bb7 14. e4 Nfd7 15. Bxd7 Nxd7 16. Bd2 c4 17. Rab1 Nc5 18. Rbe1 Nd3 19. Re2 Nxb2 20. Rb1 Bxc3 21. Bxc3 Na4 22. Rc2 Ba6 23. Rb4 Nxc3 24. Rxc3 Rfb8 25. a3 Rxb4 26. axb4 Rb8 27. h3 Rxb4 28. Nd4 Rb1+ 29. Kh2 Rd1 30. Nc6 Kf8 31. f3 Rd3 32. Rc2 Bb5 33. Nb4 Rb3 34. Na2 e6 35. Nc3 exd5 36. Nxd5 f5 37. Rc3 fxe4 38. fxe4 Kf7 39. Kg3 Bc6 40. Kf4 h6 41. g4 Ke6 42. Rxc4 Bxd5 43. exd5+ Kxd5 44. Rc8 Rxh3 45. Rg8 g5+ 46. Kf5 Rf3+ 47. Kg6 Rg3 48. Kh5 Rh3+ 49. Kg6 Ke4 50. Rd8 d5 51. Re8+ Kf4 52. Rd8 Ke4 53. Re8+ Kd3 54. Kf5 d4 55. Re1 Re3 56. Rd1+ Kc4 57. Kg6 Re6+ 58. Kf5 Rd6 59. Ke4 d3 60. Rc1+ Kb3 61. Ke3 d2 62. Rd1 Kc2 0-1

[Event "CHI-ch (Women)"]
[Site "Las Condes"]
[Date "2019.02.14"]
[Round "4"]
[White "Zuniga Lara, Catalina Paz"]
[Black "Ruiz Olate, Emily Andrea"]
[Result "1/2-1/2"]
[WhiteElo "1617"]
[BlackElo "1892"]
[PlyCount "73"]
[EventDate "2019.02.12"]
[EventType "swiss"]
[EventRounds "9"]
[EventCountry "CHI"]
[SourceTitle "CBM 188 Extra"]
[Source "ChessBase"]
[SourceDate "2019.02.26"]
[SourceVersion "1"]
[SourceVersionDate "2019.02.26"]
[SourceQuality "1"]

1. d4 Nf6 2. Nf3 g6 3. c4 Bg7 4. Nc3 d6 5. Bg5 a6 6. e4 0-0 7. Be2 Nbd7 8. 0-0 c5 9. Rc1 Rb8 10. dxc5 Nxc5 11. Qc2 Bd7 12. b4 Ne6 13. Bxf6 Bxf6 14. Nd5 Bg7 15. Rfd1 Bh6 16. Rb1 Nf4 17. Nxf4 Bxf4 18. g3 Bh6 19. e5 Qc7 20. exd6 exd6 21. h4 Rfc8 22. Ng5 b5 23. c5 dxc5 24. Qxc5 Qxc5 25. bxc5 Bf5 26. Rbc1 f6 27. g4 fxg5 28. gxf5 gxh4 29. Rc3 Bf4 30. fxg6 hxg6 31. c6 Rd8 32. Rd7 Rxd7 33. cxd7 Rd8 34. Bg4 Kf7 35. Rc6 a5 36. Rc5 b4 37. Rxa5 1/2-1/2

[Event "CHI-ch sf"]
[Site "San Clemente"]
[Date "2019.01.24"]
[Round "1.5"]
[White "Zuniga Lara, Catalina Paz"]
[Black "Barriga Silva, Felipe"]
[Result "0-1"]
[WhiteElo "1684"]
[BlackElo "2121"]
[PlyCount "202"]
[EventDate "2019.01.24"]
[EventType "swiss"]
[EventRounds "8"]
[EventCountry "CHI"]
[SourceTitle "EXT 2024"]
[Source "ChessBase"]
[SourceDate "2023.10.10"]
[SourceVersion "1"]
[SourceVersionDate "2023.10.10"]
[SourceQuality "1"]

1. d4 Nf6 2. Nf3 e6 3. Bg5 c5 4. e3 d5 5. c3 Be7 6. Bd3 Nc6 7. Nbd2 Qb6 8. Rb1 Qc7 9. 0-0 e5 10. dxe5 Nxe5 11. Nxe5 Qxe5 12. Bb5+ Kf8 13. Nf3 Qd6 14. Bf4 Qb6 15. Be2 Bf5 16. Bd3 Bg4 17. h3 Bh5 18. Be2 Rd8 19. Ne5 Bxe2 20. Qxe2 Ne4 21. f3 Nd6 22. Rbd1 f6 23. Ng4 Nf7 24. Rd2 g6 25. Rfd1 Qe6 26. e4 d4 27. cxd4 cxd4 28. a3 Kg7 29. Qb5 b6 30. b4 h5 31. Nf2 Qb3 32. Rd3 Qb2 33. R1d2 Qc1+ 34. Nd1 Bd6 35. Bxd6 Nxd6 36. Qa4 Nc4 37. Rc2 Qb1 38. Qb3 Qxb3 39. Rxb3 b5 40. Rd3 Rd7 41. Nb2 Rc8 42. Kf2 Kf7 43. g3 Nxb2 44. Rxb2 Ke6 45. Rbd2 Rc4 46. f4 g5 47. Kf3 Rd8 48. Re2 Rg8 49. Red2 Rd8 50. Re2 Rg8 51. Red2 g4+ 52. Kg2 Rd8 53. h4 Rd7 54. Kf2 a6 55. Kg2 f5 56. e5 Kd5 57. Kf2 Ke4 58. Ke2 Re7 59. Kf2 Re8 60. Ke2 Rd8 61. Kf2 Ra8 62. Ke2 Ra7 63. Rb2 Rac7 64. Rbd2 Rc8 65. Kf2 Ra8 66. Ke2 a5 67. bxa5 Rxa5 68. Rb2 Rc1 69. e6 Rc6 70. e7 Re6 71. Rb4 Kd5+ 72. Kd2 Rxe7 73. Rbxd4+ Kc6 74. Rd6+ Kc7 75. Kc2 Rxa3 76. Rh6 Re2+ 77. Kd1 Raa2 78. Ra3 Rad2+ 79. Kc1 Rc2+ 80. Kb1 Rb2+ 81. Ka1 Rbd2 82. Rb3 Rd1+ 83. Rb1 Rd3 84. Rxb5 Rxg3 85. Rc5+ Kd7 86. Rc1 Ra3+ 87. Kb1 Rb3+ 88. Ka1 Rf3 89. Rxh5 Rxf4 90. Rg5 Ra4+ 91. Kb1 Rb4+ 92. Ka1 Re5 93. Rc2 Ra5+ 94. Ra2 Rxa2+ 95. Kxa2 Ke6 96. h5 Rb7 97. Rg6+ Ke5 98. h6 Rh7 99. Kb2 Kf4 100. Kc2 Kf3 101. Rg5 f4 0-1

[Event "Pan American-ch U18 Girls"]
[Site "Santiago de Chile"]
[Date "2018.07.23"]
[Round "3"]
[White "Zuniga Lara, Catalina Paz"]
[Black "Canche Cab, Alexa"]
[Result "1/2-1/2"]
[WhiteElo "1675"]
[BlackElo "1747"]
[PlyCount "97"]
[EventDate "2018.07.22"]
[EventType "swiss"]
[EventRounds "9"]
[EventCountry "CHI"]
[SourceTitle "EXT 2022"]
[Source "ChessBase"]
[SourceDate "2021.10.06"]
[SourceVersion "1"]
[SourceVersionDate "2021.10.06"]
[SourceQuality "1"]

1. d4 d5 2. Nf3 Nf6 3. e3 Bf5 4. b3 e6 5. Nbd2 Nbd7 6. Be2 Ne4 7. Bb2 Ndf6 8. 0-0 Bd6 9. Ne5 0-0 10. f3 Nxd2 11. Qxd2 Nd7 12. g4 Bg6 13. f4 Be4 14. Bf3 f5 15. g5 Nxe5 16. dxe5 Bc5 17. Bd4 Qe7 18. Qg2 Rac8 19. Bxe4 dxe4 20. Qe2 Bxd4 21. exd4 c5 22. dxc5 Qxc5+ 23. Rf2 Rfd8 24. Rd1 Rd5 25. c4 Rd4 26. Rxd4 Qxd4 27. Qd2 Rd8 28. Qxd4 Rxd4 29. Re2 Kf8 30. Kf2 Ke7 31. Ke1 e3 32. Rxe3 Rxf4 33. Rh3 Rg4 34. Rxh7 Rxg5 35. h4 Rg4 36. h5 Kf7 37. Rh8 Re4+ 38. Kf2 Rxe5 39. Rb8 b6 40. Rb7+ Kf6 41. Rxa7 Ra5 42. Rxa5 bxa5 43. a3 Ke5 44. b4 axb4 45. axb4 Kd4 46. c5 Kd5 47. Ke3 e5 48. Kf3 f4 49. Kg4 1/2-1/2

[Event "Wch U18 Girls"]
[Site "Montevideo"]
[Date "2017.09.24"]
[Round "9"]
[White "Zuniga Lara, Catalina Paz"]
[Black "Atte, Rebeka"]
[Result "1/2-1/2"]
[WhiteElo "1613"]
[BlackElo "1590"]
[PlyCount "67"]
[EventDate "2017.09.17"]
[EventType "swiss"]
[EventRounds "11"]
[EventCountry "URU"]
[SourceTitle "CBM 180 Extra"]
[Source "ChessBase"]
[SourceDate "2017.10.06"]
[SourceVersion "1"]
[SourceVersionDate "2017.10.06"]
[SourceQuality "1"]

1. d4 d5 2. Nf3 e6 3. e3 Nf6 4. Bd3 Nbd7 5. 0-0 Bd6 6. b3 0-0 7. Bb2 b6 8. Ne5 c5 9. f4 Ne4 10. Nd2 Nxd2 11. Qxd2 f6 12. Nxd7 Qxd7 13. Qe2 Qf7 14. Rae1 Bb7 15. c4 Rae8 16. e4 dxe4 17. Bxe4 Qc7 18. g3 Bxe4 19. Qxe4 cxd4 20. Bxd4 Bc5 21. Bxc5 Qxc5+ 22. Qe3 Qa3 23. Rf2 e5 24. Rfe2 exf4 25. Qxf4 Qc5+ 26. Kg2 Rxe2+ 27. Rxe2 Rd8 28. Qe4 Qe5 29. Qxe5 fxe5 30. Kf3 Kf7 31. Ke3 Ke6 32. h3 Rd1 33. Rd2 Rh1 34. h4 1/2-1/2

[Event "Wch U18 Girls"]
[Site "Montevideo"]
[Date "2017.09.20"]
[Round "5"]
[White "Carreras Colman, Luz Gabriela"]
[Black "Zuniga Lara, Catalina Paz"]
[Result "1/2-1/2"]
[WhiteElo "1424"]
[BlackElo "1613"]
[PlyCount "74"]
[EventDate "2017.09.17"]
[EventType "swiss"]
[EventRounds "11"]
[EventCountry "URU"]
[SourceTitle "CBM 180 Extra"]
[Source "ChessBase"]
[SourceDate "2017.10.06"]
[SourceVersion "1"]
[SourceVersionDate "2017.10.06"]
[SourceQuality "1"]

1. d4 Nf6 2. Nf3 c5 3. c3 e6 4. Bf4 d5 5. Nbd2 Bd6 6. Bg3 0-0 7. Ne5 Ne4 8. Nxe4 dxe4 9. e3 cxd4 10. exd4 f6 11. Nc4 Bxg3 12. hxg3 a6 13. Qh5 h6 14. Qg6 f5 15. Rxh6 Nc6 16. 0-0-0 Rf6 17. Qh7+ Kf7 18. Rxf6+ Qxf6 19. Nd6+ Ke7 20. Nxc8+ Rxc8 21. Qh4 g5 22. Qh7+ Qf7 23. Qxf7+ Kxf7 24. Be2 Rh8 25. d5 Ne5 26. d6 Nd7 27. a4 Nc5 28. Bc4 Nxa4 29. Kc2 Nb6 30. Bf1 Kf6 31. b4 Ke5 32. c4 Rd8 33. c5 Nd5 34. Rb1 Kd4 35. Kb3 Ke5 36. Be2 Nf6 37. Rh1 g4 1/2-1/2

[Event "Wch U18 Girls"]
[Site "Montevideo"]
[Date "2017.09.19"]
[Round "4"]
[White "Wang, Jiaying"]
[Black "Zuniga Lara, Catalina Paz"]
[Result "1-0"]
[WhiteElo "1822"]
[BlackElo "1613"]
[PlyCount "123"]
[EventDate "2017.09.17"]
[EventType "swiss"]
[EventRounds "11"]
[EventCountry "URU"]
[SourceTitle "CBM 180 Extra"]
[Source "ChessBase"]
[SourceDate "2017.10.06"]
[SourceVersion "1"]
[SourceVersionDate "2017.10.06"]
[SourceQuality "1"]

1. e4 c6 2. d4 d5 3. e5 c5 4. dxc5 Nc6 5. Nc3 e6 6. Bb5 Bxc5 7. Nge2 Bd7 8. Bxc6 Bxc6 9. Nd4 Ne7 10. 0-0 a6 11. Bg5 Qb6 12. Nb3 h6 13. Bd2 Nf5 14. Qg4 Rd8 15. Na4 Bxa4 16. Qxa4+ Rd7 17. Rad1 Be7 18. c4 Qc6 19. Qxc6 bxc6 20. Na5 Rc7 21. Rc1 Kd7 22. cxd5 cxd5 23. Rxc7+ Kxc7 24. Rc1+ Kd7 25. Rc6 Ra8 26. Kf1 Bd8 27. Rc1 Bxa5 28. Bxa5 Rc8 29. Rxc8 Kxc8 30. Bb4 Kd7 31. Ke2 Kc6 32. Bf8 h5 33. h3 g6 34. g4 hxg4 35. hxg4 Nd4+ 36. Ke3 Nb5 37. a4 Nc7 38. Kd4 Na8 39. Be7 Nb6 40. b3 Nd7 41. Bb4 Nb6 42. Be7 Nd7 43. f3 Kb6 44. Bd6 Kc6 45. Kc3 a5 46. Kd4 Nb6 47. Be7 Nc8 48. Bd8 Nb6 49. f4 Kb7 50. Kc5 Nd7+ 51. Kb5 Nb8 52. Bxa5 Nc6 53. Bb6 Nb8 54. Be3 Na6 55. Bd2 Nc7+ 56. Kc5 Na6+ 57. Kd6 Kb6 58. b4 d4 59. Ke7 Nc7 60. Kxf7 Nd5 61. Kxe6 Nc3 62. f5 1-0

[Event "Pan American-ch U18 Girls"]
[Site "San Jose"]
[Date "2017.07.01"]
[Round "1"]
[White "Vittal, Sanjana"]
[Black "Zuniga Lara, Catalina Paz"]
[Result "1-0"]
[WhiteElo "1870"]
[BlackElo "1571"]
[PlyCount "69"]
[EventDate "2017.07.01"]
[EventType "swiss"]
[EventRounds "9"]
[EventCountry "CRI"]
[SourceTitle "EXT 2022"]
[Source "ChessBase"]
[SourceDate "2021.10.06"]
[SourceVersion "1"]
[SourceVersionDate "2021.10.06"]
[SourceQuality "1"]

1. e4 g6 2. Nc3 Bg7 3. Bc4 d6 4. d3 Nf6 5. f4 c6 6. Bb3 e5 7. Nf3 Bg4 8. fxe5 dxe5 9. Bxf7+ Ke7 10. Bb3 Qd6 11. Be3 Nbd7 12. Qd2 Bxf3 13. gxf3 Nc5 14. f4 Nxb3 15. axb3 Ng4 16. f5 Nxe3 17. Qxe3 Qd4 18. Qg3 Bf6 19. Ra4 Qd7 20. Qf2 b6 21. Rf1 Raf8 22. Ke2 Ke8 23. Rfa1 a5 24. Qxb6 Bd8 25. Qc5 Bc7 26. Rxa5 Bxa5 27. Rxa5 Qd4 28. Qxc6+ Kf7 29. Rd5 Qxd5 30. Qxd5+ Kf6 31. Qd6+ Kg5 32. Qxe5 gxf5 33. Qg7+ Kh5 34. Nd5 Kh4 35. Nf6 1-0

[Event "South America-ch U16 Girls 13th"]
[Site "Santiago de Chile"]
[Date "2016.12.02"]
[Round "3"]
[White "Argote Heredia, Valentina"]
[Black "Zuniga Lara, Catalina Paz"]
[Result "1/2-1/2"]
[WhiteElo "1999"]
[BlackElo "1456"]
[PlyCount "65"]
[EventDate "2016.12.01"]
[EventType "swiss"]
[EventRounds "9"]
[EventCountry "CHI"]
[SourceTitle "EXT 2018"]
[Source "ChessBase"]
[SourceDate "2017.10.13"]
[SourceVersion "1"]
[SourceVersionDate "2017.10.13"]
[SourceQuality "1"]

1. e4 c6 2. d4 d5 3. exd5 cxd5 4. c4 Nf6 5. Nc3 g6 6. Nf3 Bg7 7. Bg5 Be6 8. c5 Nc6 9. Bb5 0-0 10. 0-0 Qc7 11. Bh4 Ne4 12. Bxc6 bxc6 13. Re1 f5 14. Ng5 Bf7 15. Nxf7 Rxf7 16. f3 Nxc3 17. bxc3 e5 18. Bg3 f4 19. Bf2 Re8 20. Qd3 Rfe7 21. Rab1 Qd7 22. dxe5 Bxe5 23. c4 dxc4 24. Qxc4+ Qe6 25. Qxe6+ Rxe6 26. Re4 g5 27. Ra4 R8e7 28. h4 h6 29. h5 Kf7 30. Rab4 Bc3 31. Rb8 Re2 32. R8b3 Bf6 33. Rd3 1/2-1/2